000 00404aam a2200169 4500
005 20200115121226.0
008 150727b xxu||||| |||| 00| 0 spa d
041 _aInglés
082 _a428 W186r
100 _aWallace, Catherine
_936253
245 _aReading
260 _aInglaterra
_bOxford
_c2003
300 _a161 páginas
650 _aINGLÉS
_92062
650 _a ENSEÑANZA
_9236
942 _cBK
999 _c8724
_d8724